Применение программы схемотехнического моделирования Design Lab 8.0 для решения задач по электротехнике (Запись № 10094014)

Подробности
000 -МАРКЕР
контрольное поле 02137nam0a2200325 i 4500
001 - ИДЕНТИФИКАТОР ЗАПИСИ
контрольное поле RU\NLR\BIBL_A\010786510
005 - ИДЕНТИФИКАТОР ВЕРСИИ
контрольное поле 20260405071307.0
021 ## - НОМЕР ГОСУДАРСТВЕННОЙ РЕГИСТРАЦИИ
Код страны Российская Федерация
Номер 2015-38505
Номер Листа государственной регистраци 2283
035 ## - ДРУГИЕ СИСТЕМНЫЕ НОМЕРА
Идентификатор записи (NILC)RuMoRGB-007939608
035 ## - ДРУГИЕ СИСТЕМНЫЕ НОМЕРА
Идентификатор записи (NLR Aleph) 010786510
100 ## - ДАННЫЕ ОБЩЕЙ ОБРАБОТКИ
Данные общей обработки 20150622d2015 u y0rusy50 ca
101 0# - ЯЗЫК РЕСУРСА
Язык текста, звукозаписи и т.д. русский
102 ## - СТРАНА ПУБЛИКАЦИИ ИЛИ ПРОИЗВОДСТВА
Страна публикации Российская Федерация
105 ## - ПОЛЕ КОДИРОВАННЫХ ДАННЫХ: ТЕКСТОВЫЕ МАТЕРИАЛЫ, МОНОГРАФИЧЕСКИЕ
Кодированные данные о монографическом текстовом документе a|||j||||00yy
200 1# - ЗАГЛАВИЕ И СВЕДЕНИЯ ОБ ОТВЕТСТВЕННОСТИ
Основное заглавие Применение программы схемотехнического моделирования Design Lab 8.0 для решения задач по электротехнике
Сведения, относящиеся к заглавию методическое пособие по курсам "Электротехника" для студентов, обучающихся по направлению "Информатика и вычислительная техника"
Первые сведения об ответственности А. Т. Кобяк, Н. Р. Новикова, А. А. Титов
Последующие сведения об ответственности М-во образования и науки Российская Федерация, Нац. исслед. ун-т "МЭИ"
210 ## - ПУБЛИКАЦИЯ, РАСПРОСТРАНЕНИЕ И ДР.
Место издания, распространения и т.д. Москва
Имя издателя, распространителя и т. д. Изд-во МЭИ
Дата издания, распространения и т.д. 2015
215 ## - ФИЗИЧЕСКАЯ ХАРАКТЕРИСТИКА
Специфическое обозначение материала и объем 40 с.
Другие сведения о физической характеристике ил.
Размеры 20
606 ## - НАИМЕНОВАНИЕ ТЕМЫ КАК ПРЕДМЕТ
Наименование темы DESIGNLAB 8.0, система автоматизированного проектирования
Формальный подзаголовок Методические пособия
Системный номер авторитетной/нормативной записи 2082639
Идентификатор авторитетной/нормативной записи RU\NLR\AUTH\661258666
606 ## - НАИМЕНОВАНИЕ ТЕМЫ КАК ПРЕДМЕТ
Наименование темы Теоретические основы электротехники
Формальный подзаголовок Методические пособия
Тематический подзаголовок Задачи
-- Решение на компьютерах
Системный номер авторитетной/нормативной записи 2166604
Идентификатор авторитетной/нормативной записи RU\NLR\AUTH\661303580
686 1# - ИНДЕКСЫ ДРУГИХ КЛАССИФИКАЦИЙ
Индекс З21с116я7-1
686 1# - ИНДЕКСЫ ДРУГИХ КЛАССИФИКАЦИЙ
Индекс З85-02-5-05я7-1
700 #1 - ИМЯ ЛИЦА - ПЕРВИЧНАЯ ОТВЕТСТВЕННОСТЬ
Начальный элемент ввода Кобяк
Часть имени, кроме начального элемента ввода А. Т.
Расширение инициалов личного имени Александр Трофимович
701 #1 - ИМЯ ЛИЦА - АЛЬТЕРНАТИВНАЯ ОТВЕТСТВЕННОСТЬ
Графика поля Кириллица
Материалы, к которым относится поле rus
Начальный элемент ввода Новикова
Часть имени, кроме начального элемента ввода Н. Р.
Дополнения к именам, кроме дат преподаватель, электротехника
Расширение инициалов личного имени Наталья Рафаиловна
Системный номер авторитетной/нормативной записи 213523
Идентификатор авторитетной/нормативной записи RU\NLR\AUTH\770213579
701 #1 - ИМЯ ЛИЦА - АЛЬТЕРНАТИВНАЯ ОТВЕТСТВЕННОСТЬ
Материалы, к которым относится поле rus
Графика поля Кириллица
Начальный элемент ввода Титов
Часть имени, кроме начального элемента ввода А. А.
Дополнения к именам, кроме дат канд. техн. наук, электрофизика
Расширение инициалов личного имени Александр Анатольевич
Идентификатор авторитетной/нормативной записи RU\NLR\AUTH\7724338
Системный номер авторитетной/нормативной записи 7389
801 #0 - ИСТОЧНИК ЗАПИСИ
Страна Российская Федерация
Организация РГБ
Дата составления 20150526
Правила каталогизации RCR
942 ## - ДОПОЛНИТЕЛЬНЫЕ ЭЛЕМЕНТЫ ЗАПИСИ (АБИС)
Тип экземпляра АБИС Книга
980 ## - КОЛЛЕКЦИЯ
Название коллекции НБР

Нет доступных экземпляров.